Markets (Record no. 83631)
[ view plain ]
| 000 -LEADER | |
|---|---|
| fixed length control field | 01204cab a22002055a 4500 |
| 001 - CONTROL NUMBER | |
| control field | L154463 |
| 008 - FIXED-LENGTH DATA ELEMENTS--GENERAL INFORMATION | |
| fixed length control field | 131211e2011 xxk 000 0 eng d |
| 035 ## - SYSTEM CONTROL NUMBER | |
| System control number | (Sirsi) u154463 |
| 041 0# - LANGUAGE CODE | |
| Language code of text/sound track or separate title | eng |
| 100 1# - MAIN ENTRY--PERSONAL NAME | |
| Personal name | Johnstone, Nick |
| 245 00 - TITLE STATEMENT | |
| Title | Markets |
| Remainder of title | West London |
| 260 ## - PUBLICATION, DISTRIBUTION, ETC. | |
| Date of publication, distribution, etc. | 2011 |
| 490 #0 - SERIES STATEMENT | |
| Series statement | Property Week |
| Volume/sequential designation | 77(48) 2 December 2011, 45-52(5) |
| 520 ## - SUMMARY, ETC. | |
| Summary, etc. | Berkeley, Barratt and Mount Anvil vie to develop a £300m residential and retail scheme near Wandsworth Bridge. Speculative office development has returned to West London. Segro ringfences all its west London and Heathrow assets from its £1.6 property sell-off. Wainbridge commits to FC200, a 164 000 sq ft vacant office building in Hangar Lane. BBC and developer TCN to transform former BBC 100 000 sq ft London base, Centre House, in White City, into a modern media hub. Wereldhave completes purchase of Ealing Broadway Shopping Centre for £155.5m. Imperial College plans to develop office building at Wood Lane in White City. |
| 590 ## - LOCAL NOTE (RLIN) | |
| Local note | KA |
| 651 #4 - SUBJECT ADDED ENTRY--GEOGRAPHIC NAME | |
| Geographic name | London |
| 690 ## - LOCAL SUBJECT ADDED ENTRY--TOPICAL TERM (OCLC, RLIN) | |
| Topical term or geographic name as entry element | PROPERTY-COMMERCIAL PROPERTY-COMMERCIAL PROPERTY MARKET |
| 690 ## - LOCAL SUBJECT ADDED ENTRY--TOPICAL TERM (OCLC, RLIN) | |
| Topical term or geographic name as entry element | PROPERTY-COMMERCIAL PROPERTY-COMMERCIAL PROPERTY FINANCE AND INVESTMENT |
| 942 ## - ADDED ENTRY ELEMENTS (KOHA) | |
| Suppress in OPAC | 0 |
| Withdrawn status | Lost status | Source of classification or shelving scheme | Damaged status | Not for loan | Home library | Current library | Shelving location | Date acquired | Total Checkouts | Full call number | Barcode | Date last seen | Copy number | Price effective from | Koha item type |
|---|---|---|---|---|---|---|---|---|---|---|---|---|---|---|---|
| Dewey Decimal Classification | London | London | Journal article | 11/12/2011 | L154463 | 154463-1001 | 06/08/2019 | 1 | 06/08/2019 | Journal article |